Normal view
MARC view
- Shah, Wajeeha
Entry Personal Name
001 - CONTROL NUMBER
- control field: 122244
003 - CONTROL NUMBER IDENTIFIER
- control field: NUST
005 - DATE AND TIME OF LATEST TRANSACTION
- control field: 20240401100617.0
008 - FIXED-LENGTH DATA ELEMENTS
- fixed length control field: 240401|| aca||aabn | a|a d
040 ## - CATALOGING SOURCE
- Original cataloging agency: NUST
- Transcribing agency: NUST
100 ## - HEADING--PERSONAL NAME
- Personal name: Shah, Wajeeha
670 ## - SOURCE DATA FOUND
- Source citation: Work cat.: (NUST): Shah, Wajeeha , Encapsulation of Lauric Acid inside the Polymers and use against Sweat Bacteri /
